AACR 2 headings : a five-year projection of their impact on catalogs / (Record no. 33171)

MARC details
000 -LEADER
fixed length control field 01117nam a2200277 a 4500
008 - FIXED-LENGTH DATA ELEMENTS--GENERAL INFORMATION
fixed length control field 120416s1982 ||||||||||||||||| || u
020 ## - INTERNATIONAL STANDARD BOOK NUMBER
International Standard Book Number 0872873307
050 ## - LIBRARY OF CONGRESS CALL NUMBER
Classification number Z 694.A5 Dow
100 ## - MAIN ENTRY--PERSONAL NAME
Personal name Dowell, Arlene Taylor
245 10 - TITLE STATEMENT
Title AACR 2 headings : a five-year projection of their impact on catalogs /
246 ## - VARYING FORM OF TITLE
Title proper/short title A.A.C.R. 2 headings. AACR two headings.
260 ## - PUBLICATION, DISTRIBUTION, ETC.
Place of publication, distribution, etc. Littleton, Colo. :
Name of publisher, distributor, etc. Libraries Unlimited
Date of publication, distribution, etc. 1982
300 ## - PHYSICAL DESCRIPTION
Extent 145p. : ill.
350 ## - PRICE (NR) (BK AM CF MU VM SE) [OBSOLETE]
Price 0.00
490 ## - SERIES STATEMENT
Series statement Research studies in library science
490 ## - SERIES STATEMENT
Volume/sequential designation no. 17
500 ## - GENERAL NOTE
General note Based on author's thesis (Ph.D.)--University of North Carolina at Chapel Hill, 1981. Bibliography: p. 140-142.
650 ## - SUBJECT ADDED ENTRY--TOPICAL TERM
Topical term or geographic name entry element CATALOGUING OF SERIAL PUBLICATIONS
650 ## - SUBJECT ADDED ENTRY--TOPICAL TERM
Topical term or geographic name entry element NAMES, PERSONAL
650 ## - SUBJECT ADDED ENTRY--TOPICAL TERM
Topical term or geographic name entry element CORPORATE HEADINGS (CATALOGING)
650 ## - SUBJECT ADDED ENTRY--TOPICAL TERM
Topical term or geographic name entry element ANGLO-AMERICAN CATALOGUING RULES
650 ## - SUBJECT ADDED ENTRY--TOPICAL TERM
Topical term or geographic name entry element UNIFORM TITLES (CATALOGING)
650 ## - SUBJECT ADDED ENTRY--TOPICAL TERM
Topical term or geographic name entry element CATALOGS
650 ## - SUBJECT ADDED ENTRY--TOPICAL TERM
Topical term or geographic name entry element DESCRIPTIVE CATALOGING--RULES
995 ## - RECOMMENDATION 995 [LOCAL, UNIMARC FRANCE]
-- 0.00
-- CBU-MAIN LIBRARY (Kitwe)
-- 1
-- 33.45
-- 1
-- AVAILABLE
-- Annex Low-Usage Collection
Holdings
Withdrawn status Lost status Source of classification or shelving scheme Damaged status Not for loan Home library Current library Shelving location Date acquired Total Checkouts Full call number Barcode Date last seen Price effective from Koha item type
          CBU-MAIN LIBRARY, KITWE. CBU-MAIN LIBRARY, KITWE.   11/30/2022   Z 694.A5 Dow 017175 11/30/2022 11/30/2022 MONOGRAPH